000 00809nam a2200205 i 4500
001 101670
003 ES-MaACL
005 20250815062605.0
007 t|
008 051021s1926 be ||||1| fre d
245 0 0 _aMélanges d'histoire offerts à Henri Pirenne par ses anciens élèves et ses amis à l'occasion de sa quarantième année d'enseignement à l'Université de Gand 1886-1926.
260 _aBruxelles :
_bVromant & Co ;
_aParis :
_bJ. Poisson,
_c1926.
300 _a2 vol., (XXXIX-678 p., IV p. de pl.) :
_bretr., planos ;
_c25 cm.
504 _aBibliographie de las obras de H. Pirenne: p. XXV-XXXIX.
600 0 4 _aPirenne, Henri.
_992343
650 7 _aHistoria universal
_2embne
_913429
651 _aEuropa-
_xHistoria.
_98599
852 _aES-MaACL
_jB-490-491
999 _c101670
_d101670